000 00969nam a2200229Ii 4500
003 JO-AjNU
008 230605s9999||||xx |||||||||||||| ||und||
017 _a2017/1/34
020 _a978-9957-24-968-7
040 _aJO-AjNU
_bara
_erda
_cJO-AjNU
041 _aara
050 1 4 _aLB2805 2019
100 3 _aعلي، عيد عبد الواحد، م.مشارك فايزة احمد احمد السيد، م.مشارك جبريل حسن العريشي,
_eauthor
_959958
245 0 0 _aالتخطيط الإستراتيجي ودوره في الإصلاح المتمركز حول المدرسة
250 _aط1
264 3 1 _aعمان: دار صفاء للنشر والتوزيع، 2019
300 _a176ص
_bيحتوي على مراجع من ص163ص-167ص
336 _atext
_btxt
_2rdacontent
337 _aunmediated
_bn
_2rdamedia
338 _avolume
_bnc
_2rdacarrier
650 4 _aالإدارة المدرسية- التخطيط- الاستراتيجية
_959959
999 _aA27008
_c30576
_d30576